| 000 | 05356namaa22004211i 4500 | ||
|---|---|---|---|
| 003 | EG-GICUC | ||
| 005 | 20260423132228.0 | ||
| 008 | 260411s2025 ua a|||frm||| 000 0 eng d | ||
| 040 |
_aEG-GICUC _cEG-GICUC _dEG-GICUC _erda _beng |
||
| 041 | 0 |
_aeng _beng _bara |
|
| 049 | _aDeposit | ||
| 082 | 0 | 4 | _a300 |
| 092 |
_a300 _221 |
||
| 097 | _aPh.D | ||
| 099 | _aCai01.03.05.Ph.D.2025.En.C | ||
| 100 | 0 |
_aEngi Mohamed Eid Amin Ibrahim, _epreparation. |
|
| 245 | 1 | 2 |
_aA computational approach to the study of the dynamics and evolution of prosocial behavior within and between groups / _cby Engi Mohamed Eid Amin Ibrahim ; Supervisor Prof. Dr. Amal Sanaa Soliman. |
| 246 | 1 | 5 | _aمقاربة حوسبية لدراسة ديناميات وتطور السلوك الاجتماعي الإيجابي داخل وبين المجموعات |
| 264 | 0 | _c2025. | |
| 300 |
_a212 pages : _billustrations ; _c25 cm. + _eCD. |
||
| 336 |
_atext _2rda content |
||
| 337 |
_aUnmediated _2rdamedia |
||
| 338 |
_avolume _2rdacarrier |
||
| 502 | _aThesis (Ph.D)-Cairo University, 2025. | ||
| 504 | _aBibliography: pages 183-193. | ||
| 520 | 3 | _aA general evolutionary framework based on replicator dynamics is developed to describe the evolution of prosocial behavior and cooperation within and between two distinct groups. The framework is applied to three strategic games—the standard prisoner’s dilemma, the prisoner’s dilemma with synergistic effects, and the stag hunt—adapted for two-group interactions to explicitly analyze bonding (within-group) and bridging (between-group) social ties. Unlike previous approaches, the model is rooted in social theory rather than between-group competition. Simulation results show that the interaction between bonding and bridging ties, together with intergroup contact, critically shapes whether cooperation persists or collapses. Structural enhancements, such as synergistic effects for mutual cooperation, expanding the cooperative basin, producing coexisting equilibria, and generating hysteresis. Parameter-space basins further reveal global patterns and the robustness of cooperation under varying conditions. A case study using empirical data from Syrian refugees in three host communities demonstrates the practical relevance of the model. Calibrated simulations illustrate how social ties and contact influence the emergence and sustainability of cooperation across group boundaries in heterogeneous societies. | |
| 520 | 3 | _aتم تطوير إطار تطوري عام يعتمد على ديناميكيات المكرّر لتحليل تطور السلوك الإيجابي والتعاون داخل مجموعتين وبينهـما. يُطبَّق هذا الإطار على ثلاث ألعاب استراتيجية هي معضلة السجين، ومعضلة السجين مع الآثار التآزرية، ولعبة صيد الأيل، بعد تكييفها لتناسب التفاعلات بين مجموعتين وتحليل الروابط الداخلية والجسرية بشكل صريح. وعلى خلاف النماذج التقليدية، لا يقوم الإطار على المنافسة بين المجموعات بل يستند إلى مبادئ النظرية الاجتماعية. تكشف المحاكاة أن التفاعل بين الروابط الداخلية والجسرية ودرجة الاتصال بين المجموعات يحسم استمرار التعاون أو انهياره. كما تُظهر النتائج أن الآثار التآزرية للتعاون توسّع نطاق التعاون وتدفع نحو استقرار تعاوني طويل الأمد. وفي بعض الحالات، ينتج عن هذا التفاعل توازنات متعايشة أو حالات من الهيسترة. وتُستخدم مساحات المعلمات لاستكشاف السلوك طويل الأمد تحت مجموعة واسعة من الشروط، مما يعمّق فهم ديناميكيات التعاون العامة. يتيح هذا النهج أيضًا قياس صلابة التعاون وتقييم أثر المحاباة داخل المجموعة على استمراريته. وتبرهن دراسة حالة باستخدام بيانات معايَرة من تجارب ميدانية-معملية على اللاجئين السوريين واقعية الإطار المقترح. وتشير النتائج إلى أن الروابط الاجتماعية الإيجابية وخصائص اتخاذ القرار والاتصال بين المجموعات تؤثر بقوة في نشأة التعاون واستدامته في المجتمعات المتنوعة. | |
| 530 | _aIssues also as CD. | ||
| 546 | _aText in English and abstract in Arabic & English. | ||
| 650 | 0 | _aSocial Science | |
| 650 | 0 | _aالعلوم الاجتماعية | |
| 653 | 1 |
_aCooperation _aSocial Dilemmas _aReplicator Dynamics _aEvolutionary Game Theory _aSocial Integration _aAssortative Interactions _aالتعاون _aالمعضلات الاجتماعية |
|
| 700 | 0 |
_aAmal Sanaa Soliman _ethesis advisor. |
|
| 900 |
_b01-01-2025 _cAmal Sanaa Soliman _UCairo University _FFaculty of Economics and Political Science _DDepartment of Social Science Computing |
||
| 905 |
_aShimaa _eEman Ghareb |
||
| 942 |
_2ddc _cTH _e21 _n0 |
||
| 999 | _c179397 | ||